| 000 | 01062nac a22002531u 4500 | ||
|---|---|---|---|
| 010 | _a 99059629 | ||
| 020 | _a0300083645 (cloth : alk. paper) | ||
| 082 | 0 | 0 |
_a384.330973 _bHUN |
| 090 |
_c5413 _d5413 |
||
| 100 | _aHundt, Reed E., | ||
| 245 | 1 | 0 |
_aYou say you want a revolution : _ba story of information age politics / _cReed E. Hundt. |
| 260 |
_aNew Haven : _bYale University Press,2000 _cc2000. |
||
| 300 |
_axiv, 238 p. : _bill. ; _c25 cm. |
||
| 500 | _aIncludes index. | ||
| 500 | _adistributer: Al-Ahram | ||
| 511 | _acatalogued by: wessam | ||
| 610 | 1 | 0 | _aUnited States. |
| 650 | 0 |
_aTelecommunication policy _zUnited States. |
|
| 650 | 0 |
_aInformation superhighway _xGovernment policy _zUnited States. |
|
| 650 | 0 |
_aInternet _xGovernment policy _zUnited States. |
|
| 856 | 4 | 2 |
_3Contributor biographical information _uhttp://www.loc.gov/catdir/enhancements/fy0629/99059629-b.html |
| 856 | 4 | 2 |
_3Publisher description _uhttp://www.loc.gov/catdir/enhancements/fy0629/99059629-d.html |
| 942 |
_cBB _k384.330973HUN |
||
| 999 |
_c5413 _d5413 |
||